Tous les clubs défiés par Chelsea en coupe d'Europe et internationale - Statistiques

Statistiques générales
  • Ce quiz a été pris 54 fois
    5 depuis la dernière actualisation
  • Le résultat moyen est 71 sur 112
Statistiques - réponses
Année 1ère confrontation Nombres de matchs Bilan Clubs % Correct
1965-66 7 3v 3n 1d AC Milan
100%
2019-20 3 2v 1n Ajax
100%
2008-09 6 2v 2n 2d AS Roma
100%
2025-26 1 1d Atalanta
100%
2009-10 9 4v 3n 2d Atlético Madrid
100%
2012-13 4 3v 1d Bâle
100%
1999-2000 18 6v 6n 6d Barcelone
100%
2018-19 2 2v Bate
100%
2004-05 7 1v 2n 4d Bayern Munich
100%
2011-12 5 5v Benfica
100%
2012-13 2 1v 1d Chakhtar Donetsk
100%
1998-99 6 4v 2n Copenhague
100%
1958-60 2 2v Copenhague XI
100%
2012 1 1d Corinthians
100%
2022-23 2 1v 1d Dinamo Zagreb
100%
2022-23 2 1v 1d Dortmund
100%
2015-16 4 3v 1n Dynamo Kiev
100%
2018-19 2 2n Eintracht Francfort
100%
2025 1 1d Flamengo
100%
2025 1 1v Fluminense
100%
2009-10 2 2d Inter Milan
100%
2008-09 6 2v 2n 2d Juventus
100%
2024-25 1 1v KAA Gand
100%
2020-21 2 1v 1n Krasnodar
100%
1999-2000 4 3v 1n Lazio
100%
2024-25 2 1v 1d Legia
100%
2011-12 2 1v 1d Leverkusen
100%
2019-20 4 4v Lille
100%
2004-05 11 3v 6n 2d Liverpool
100%
2025 1 1v Los Angeles FC
100%
2018-19 4 4v Malmö
100%
1970-71 3 3v Manchester City
100%
2007-08 3 1n 2d Manchester United
100%
2014-15 2 1v 1n Maribor
100%
2011-12 3 2v 1d Napoli
100%
2012-13 2 2v Nordsjælland
100%
1999-2000 4 2v 2d OM
100%
2025-26 1 1v Pafos
100%
2024-25 1 1v Panathinaikos
100%
2018-19 2 2v PAOK
100%
2004-05 10 6v 1n 3d Porto
100%
2004-05 11 3v 3n 5d PSG
100%
1970-71 9 4v 2n 3d Real Madrid
100%
2020-21 2 2v Rennes
100%
2022-23 2 1v 1n Salzbourg
100%
2007-08 6 3v 2n 1d Schalke
100%
2020-21 2 1v 1n Séville
100%
2018-19 2 2v Slavia Prague
100%
2003-04 4 2v 2n Sparta Prague
100%
2014-15 2 2v Sporting Lisbonne
100%
1997-98 3 2v 1n Stuttgart
100%
2006-07 8 3v 4n 1d Valence
100%
2021 1 1n Villarreal
100%
2021-22 2 1v 1n Zénith
100%
2021 1 1v Al-Hilal
50%
2005-06 2 2v Anderlecht
50%
2009-10 2 1v 1n APOEL
50%
2003-04 3 2v 1n Arsenal
50%
2024-25 1 1v Astana
50%
1994-95 2 2n Austria Vienne
50%
1997-98 5 4v 1d Bétis
50%
2008-09 2 1v 1n Bordeaux
50%
1970-71 4 2v 2d Club de Bruges
50%
2008-09 2 1v 1n Cluj
50%
2004-05 2 2v CSKA Moscou
50%
1970-71 2 2v CSKA Sofia
50%
2024-25 2 2v Djurgarden
50%
2025 1 1v Espérance Tunis
50%
1999-2000 2 1v 1d Feyenoord
50%
2001-02 2 1n 1d Hapoël Tel-Aviv
50%
2024-25 1 1v Heidenheim
50%
1999-2000 2 1v 1d Hertha Berlin
50%
2015-16 2 2v Maccabi Tel-Aviv
50%
2003-04 2 1n 1d Monaco
50%
2024-25 1 1v Noah
50%
2007-08 2 1v 1n Olympiakos
50%
2021 2 2v Palmeiras
50%
2017-18 3 2v 1n Qarabag
50%
2007-08 2 1v 1n Rosenborg
50%
2024-25 2 1v 1d Servette
50%
2024-25 1 1v Shamrock Rovers
50%
1997-98 2 2v Slovan Bratislava
50%
2010-11 2 2v Spartak Moscou
50%
2012-13 4 3v 1d Steaua Bucarest
50%
2018-19 2 1v 1n Vidi
50%
1994-95 2 1v 1n Viktoria Žižkov
50%
2006-07 2 1v 1d Werder Breme
50%
1970-71 2 1v 1n Aris Salonique
0%
1971-72 2 2n Åtvidabergs
0%
1958-60 2 1v 1d Belgrade XI
0%
2003-04 2 1v 1d Besiktas
0%
1968-69 2 2n DWS Amsterdam
0%
2007-08 2 1v 1d Fenerbahçe
0%
1999-2000 4 3v 1n Galatasaray
0%
2011-12 2 1v 1n Genk
0%
1968-69 2 2v Greenock Morton
0%
1998-99 2 1v 1n Helsingborgs
0%
1971-72 2 2v Käerjeng
0%
2001-02 4 4v Levski Sofia
0%
1998-99 2 1n 1d Majorque
0%
2012 1 1v Monterrey
0%
1994-95 2 1v 1d Real Saragosse
0%
2012-13 2 1v 1d Rubin Kazan
0%
2000-01 2 1v 1d Saint-Gall
0%
1999-2000 2 1v 1n Skonto Riga
0%
1994-95 2 1v 1d Tromsø
0%
1965-66 2 1v 1n TSV Munich
0%
1998-99 2 2v Vålerenga
0%
1997-98 2 1v 1d Vicence
0%
2002-03 2 1v 1d Viking Stavanger
0%
1965-66 2 1v 1d Wiener Sport-Club
0%
2003-04 4 4v Žilina
0%
Aucun quiz correspondant
Distribution des résultats
% des personnes avec chaque résultat
Percentile par nombre de réponses
Votre historique - résultats
Vous n’avez pas pris ce quiz depuis la dernière actualisation